| 000 | 01476nam a22002057a 4500 | ||
|---|---|---|---|
| 005 | 20250614093454.0 | ||
| 008 | 250610b |||||||| |||| 00| 0 eng d | ||
| 020 | _a9780451191144 | ||
| 040 | _cAL | ||
| 041 | _aEnglish | ||
| 082 |
_223 _a813.52 _bRANA |
||
| 100 |
_aAyn Rand _9215023 |
||
| 245 | _aAtlas shrugged | ||
| 260 |
_aNew York _bA Signet Book _c1996 |
||
| 300 |
_a1078p. _bPB _c17.5x10.5cm. |
||
| 520 | _aPublished in 1957, Atlas Shrugged was Ayn Rand's greatest achievement and last work of fiction. In this novel she dramatizes her unique philosophy through an intellectual mystery story that integrates ethics, metaphysics, epistemology, politics, economics, and sex. Set in a near-future U.S.A. whose economy is collapsing as a result of the mysterious disappearance of leading innovators and industrialists, this novel presents an astounding panorama of human life-from the productive genius who becomes a worthless playboy...to the great steel industrialist who does not know that he is working for his own destruction...to the philosopher who becomes a pirate...to the woman who runs a transcontinental railroad...to the lowest track worker in her train tunnels. Peopled by larger-than-life heroes and villains, charged with towering questions of good and evil, Atlas Shrugged is a philosophical revolution told in the form of an action thriller. | ||
| 650 |
_2English _aScience fiction _9213870 |
||
| 650 |
_aAdventure fiction _9213871 |
||
| 942 |
_2ddc _cDB |
||
| 999 |
_c234387 _d234387 |
||